000 01093cam a2200325 i 4500
001 011618986
003 EG-ScBUE
005 20250729100909.0
008 970312s1997 enka f b 001 0 eng d
020 _a052159944X (pbk)
020 _a9780521599443
040 _aStDuBDS
_beng
_erda
_cStDuBDS
_dUk
_dEG-ScBUE
082 0 4 _a543.081
_bREE
_222
100 1 _aReed, S. J. B.,
_eauthor.
_97024
245 1 0 _aElectron microprobe analysis /
_cS. J. B. Reed, University of Cambridge.
250 _aSecond edition.
264 1 _aCambridge :
_bCambridge University Press,
_c1997.
300 _axviii, 326 pages :
_billustrations (some color) ;
_c23 cm
336 _2rdacontent
_atext
_btxt
337 _aunmediated
_2rdamedia
_bn
338 _avolume
_bnc
_2rdacarrier
500 _aThis ed. originally published : 1993.
504 _aIncludes bibliographical references and index.
650 7 _aMicroprobe analysis.
_2BUEsh
_97025
650 7 _aX-ray spectroscopy.
_2BUEsh
_928998
651 _2BUEsh
653 _bENGCHE
_bENGGEN
_cDecember2017
655 _vReading book
942 _2ddc
_cBB
999 _c25715
_d25687